Mapa cobertura terrestre sector de Mendez (Registro nro. 18463)

Detalles MARC
000 -CABECERA
Campo de control 00956nem a2200253 u 4500
005 - FECHA Y HORA DE LA ULTIMA TRANSACCION
Campo de control 20200104041742.0
008 - ELEMENTOS DE LONGITUD FIJA—INFORMACION GENERAL
Campo de control 160504b1995 c ||||| |a|| 00| 0 spa d
040 ## - FUENTE DE CATALOGACIÓN
Agencia catalogadora original CO-BoIAVH
Agencia transcriptora CO-BoIAVH
041 ## - IDIOMA
Código de idioma para texto/pista de sonido o título separado Español
044 ## - PAÍS DE PUBLICACIÓN
País de publicación Colombia
090 ## - CLASIFICACIÓN LOCAL
Colección MC-
Consecutivo 0136
110 2# - ASIENTO PRINCIPAL--NOMBRE CORPORATIVO
Nombre corporativo o de jurisdicción como elemento de entrada Instituto de Investigación de Recursos Biológicos Alexander von Humboldt.
245 1# - MENCION DE TITULO
Título Mapa cobertura terrestre sector de Mendez
Parte restante del título Exploración ecologica a los parches de bosques secos del Valle de Rio Magdalena - Depto. del Tolima.
Medio físico [Material Cartografico]
255 ## - DATOS MATEMATICOS CARTOGRAFICOS
Mención de escala 1:25.000
260 ## - PUBLICACION, DISTRIBUCION, ETC. (PIE DE IMPRENTA)
Lugar de publicación, distribución, etc. Bogotá
Nombre del editor, distribuidor, etc. Instituto de Investigación de Recursos Biológicos Alexander von Humboldt.
Fecha de publicación, distribución, etc. 1995
300 ## - DESCRIPCION FISICA
Extensión 1 mapa
Otros detalles físicos color
Dimensiones 60 x 60 cm
650 16 - ASIENTO SECUNDARIO DE MATERIA - TERMINO TEMATICO
Término temático o nombre geográfico como elemento de entrada Hidrografía
650 16 - ASIENTO SECUNDARIO DE MATERIA - TERMINO TEMATICO
Término temático o nombre geográfico como elemento de entrada Geografía
650 16 - ASIENTO SECUNDARIO DE MATERIA - TERMINO TEMATICO
Término temático o nombre geográfico como elemento de entrada Carreteras
650 16 - ASIENTO SECUNDARIO DE MATERIA - TERMINO TEMATICO
Término temático o nombre geográfico como elemento de entrada Ferrocarril
650 16 - ASIENTO SECUNDARIO DE MATERIA - TERMINO TEMATICO
Término temático o nombre geográfico como elemento de entrada Poblaciones
Subdivisión geográfica Tolima
700 1# - ASIENTO SECUNDARIO - NOMBRE PERSONAL
Nombre personal Arias, Carlos
Término de relación Elaboración
942 ## - ELEMENTOS ADICIONALES (KOHA)
Sistema de clasificación Local
Tipo de ítem Mapa
Existencias
Withdrawn status Lost status Sistema de Clasificación Damaged status No para préstamo Colección Ubicación Permanente Ubicación actual Fecha de adquisición Total Checkouts Número topográfico Inventario / Código de Barras Date last seen Ejemplar Price effective from Tipo de material
    Local       Bogotá Bogotá 04/05/2016   MC-0136 040056 04/05/2016 Ej. 1 04/05/2016 Mapa